Rozklady grafov /
Saved in:
| Main Author: | |
|---|---|
| Format: | Book |
| Language: | Slovak |
| Published: |
Bratislava :
Veda,
1986
|
| Subjects: | |
| Tags: |
No Tags, Be the first to tag this record!
|
MARC
| LEADER | 00000nam a22000003a 4500 | ||
|---|---|---|---|
| 001 | stu34876 | ||
| 005 | 20150617225731.0 | ||
| 008 | 920327s1986----cs------------------slo-d | ||
| 040 | |a STU |b slo | ||
| 041 | 0 | |a slo | |
| 044 | |a cs | ||
| 080 | |a 519.11 | ||
| 100 | 1 | |a Bosák, Juraj |4 aut | |
| 245 | 1 | |a Rozklady grafov / |c [aut.]Juraj Bosák | |
| 260 | |a Bratislava : |b Veda, |c 1986 | ||
| 300 | |a 252 s | ||
| 650 | 7 | |a Grafy |2 stusub | |
| 650 | 7 | |a rozklady |2 stusub | |
| 650 | 7 | |a monografie |2 stusub | |
| 650 | 7 | |a kombinatorika |2 stusub | |
| 650 | 7 | |a rozklady grafov |2 stusub | |
| 996 | |b 284M046416 |c M*420-2 |l MMKN |s A |a 24 |w stu34876_0001 | ||